| 000 | 00806nam a2200217 i 4500 | ||
|---|---|---|---|
| 001 | 54780 | ||
| 003 | ES-MaACL | ||
| 005 | 20250716053240.0 | ||
| 007 | t| | ||
| 008 | 040114s1871 fr ||||1| fre d | ||
| 100 | 1 |
_aGaboriau, Emile. _953145 |
|
| 245 | 1 | 0 |
_aLegajo núm. 13 _b: novela original / _cde Emilio Gaborian [sic] ; traducida por Joaquina García Balmaseda. |
| 260 |
_aMadrid : _b[s.n.], _c1871 ( _fImpr. de La Correspondencia de España a cargo de Julian González) |
||
| 300 |
_a175 p. ; _c23 cm. |
||
| 490 | 1 | _aBiblioteca de "La Correspondencia de España" | |
| 500 | _aTexto a dos columnas. | ||
| 700 | 1 |
_aGarcía Balmaseda, Joaquina, _d1837-1911 _954217 |
|
| 830 | 0 |
_aBiblioteca de "La Correspondencia de España" _9182488 |
|
| 852 |
_aES-MaACL _jT-673-F-4 |
||
| 999 |
_c54780 _d54780 |
||